01014nam a22002777a 4500003000400000005001700004008004100021010001300062016001300075035002200088037001300110040001100123082001600134100002500150245007000175260004300245270004600288300002700334500002000361650002000381650002900401942002500430999001900455952013200474952013000606dpl20180714112352.0180615b xxu||||| |||| 00| 0 eng d aB-128149 aB-128149 aB-128149,B-128150 bBPPD/PUB aDPLc0 a639.95bHOR aHornaday. T William  aWild Animals/cby William T. Hornaday b Their Minds and Manners  aNew Delhi bMittal Publications c2003 bDelhi aA-110, Mohan Garden Delhi-110059  ax, 328p. ;c20cm. (HB) aIncludes index  aZoology9111298 aHabitat (Ecology)942026 2ddccENh639.95mHOR c152736d152736 00102ddc40708NFICaBL4bBL4d2018-06-15eBPPD/PUBg0.00l0o639.95 HORpB-128149r2018-06-15 00:00:00v0.00w2018-06-15yEN 00102ddc40708NFICaTNbTNd2018-07-14eBPPD/pubg0.00l0o639.95 HORpB-128150r2018-07-14 00:00:00v0.00w2018-07-14yEN